01878nab a2200277uuc4500001000800000005001700008008004100025035001200066040001300078041000800091100004700099245011600146260001000262520071600272650003200988650004001020650004601060650005501106700004701161700005301208700005501261700005101316773020401367942001001571999001901581145816720250208091227.0170124s2016 spa  a1458167 ccomduadb aspa10aDelgado Palacio, Yunieth4auteaut972460513aLa Responsabilidad Social Empresarial, una mirada a su aplicación en el sector transporte público automotor c2016.3 aRESUMEN: La Responsabilidad Social Empresarial, RSE, es uno de los conceptos modernos que ha adquirido mayor relevancia en los últimos años en el mundo, en tanto implica un compromiso de las organizaciones y empresas para el bienestar común. Este artículo, resultado de investigación, parte por identificar las prácticas de RSE que aplica el sector transporte público automotor en el Valle de Aburrá, conforme con las tres dimensiones de la Guía Global Reporting Initiative (GRI): económico, social y ambiental; para la cual se identificaron todas las empresas de transporte (buses) dedicadas a esta actividad y se evaluaron las prácticas de RSE que aplican, en concordancia con la guía. aTransporte público946063 7aDesarrollo sostenible2lemb9113968 aGlobal Reporting Initiative (GRI)9200256 7aResponsabilidad social empresarial2armarc921733010aHerrera Cardona, Natalia4auteaut975117310aGallón Ruiz, Carlos Andrés4auteaut974320410aÁlvarez Osorio, Martha Cecilia4auteaut952591010aMuñoz Osorio, Lina María4auteaut98018550 tEn Contexto. Revista de Investigación en Administración, Contabilidad Economía y Sociedad (Medellín)gVolumen 04, Número 04, Enero-Junio de 2016, páginas 77-99w1384398x2346-32790701851 cARIMP c755724d755724